|
|
|
|
| LEADER |
00000nam a22000007a 4500 |
| 005 |
20210310233319.0 |
| 007 |
cr|||| |||| |
| 008 |
210310s2015 us |||||s|||| 00||0 eng d |
| 020 |
|
|
|a 978-1-118-94850-7
|
| 035 |
|
|
|a 32458
|
| 040 |
|
|
|a vLex
|
| 090 |
|
|
|c 11341
|d 11341
|
| 100 |
1 |
|
|a Koepsell, David
|
| 245 |
1 |
0 |
|a Who Owns You?
|h [Recurso electrn̤ico] :
|b Science, Innovation, and the Gene Patent Wars /
|c David Koepsell
|
| 256 |
|
|
|a Servicio en ln̕ea
|
| 260 |
|
|
|a Hoboken:
|b Wiley,
|c 2015
|
| 300 |
|
|
|a 1 recurso electrn̤ico
|
| 500 |
|
|
|a The 2nd Edition of Who Owns You, David Koepsell’s widely acclaimed exploration of the philosophical and legal problems of patenting human genes, is updated to reflect the most recent changes to the cultural and legal climate relating to the practice of gene patenting. Lays bare the theoretical assumptions that underpin the injustice of patents on unmodified genes Makes a unique argument for a commons-by-necessity, explaining how parts of the universe are simply not susceptible to monopoly claims Represents the only work that attempts to first define the nature of the genetic objects involved before any ethical conclusions are reached Provides the most comprehensive accounting of the various lawsuits, legislative changes, and the public debate surrounding AMP v. Myriad, the most significant case regarding gene patents
|
| 506 |
1 |
|
|a Disponible solo en los productos indicados
|d vLex Global
|d vLex Global (Academic Edition, excluding Law Schools)
|d vLex Global (Academic Edition, Law Schools)
|
| 650 |
0 |
4 |
|a Propiedad Intelectual
|z Estados Unidos
|
| 740 |
0 |
|
|a vLex Libros (Servicio en ln̕ea)
|
| 856 |
4 |
0 |
|u http://vlex.com/source/who-owns-you-science-innovation-and-the-gene-patent-wars-32458
|z Acceso restringido
|
| 942 |
|
|
|c BOOK
|
| 999 |
0 |
|
|a Intellectual property
|